Welcome to the Holygrace Academy Library

Please use search bar below to get started

MACHUVARA AUR JINN (Record no. 4570)

MARC details
000 -LEADER
fixed length control field 00199nam a22000977a 4500
082 ## - DEWEY DECIMAL CLASSIFICATION NUMBER
Classification number 494
Item number ROH/M
245 ## - TITLE STATEMENT
Title MACHUVARA AUR JINN
260 ## - PUBLICATION, DISTRIBUTION, ETC. (IMPRINT)
Place of publication DELHI
Name of publisher ROHAN BOOK
650 ## - SUBJECT ADDED ENTRY--TOPICAL TERM
Topical Term STORY
Geographic subdivision DELHI
942 ## - ADDED ENTRY ELEMENTS (KOHA)
Koha item type Books
Holdings
Withdrawn status Lost status Collection code Home library Current library Shelving location Date acquired Full call number Accession Number Koha item type
    Fiction Main Library Main Library SHELF-16F- HINDI FICTIONS,SHORT STORIES 11/12/2019 494 ROH/M 12231 Books